00645 2200241 4500001002100000005001500021035002000036007000300056008004100059020001800100082001000118084001600128100001900144245006900163250001000232260003800242300003400280650002000314700002000334504002500354990001200379990001200391INLIS00000000001745820241016032135 a0010-1024000186ta241016 g 0 ind  a979-9558-01-8 a304.2 a304.2 SRI p0 aSRI, Suhartati1 aPerjuangan Petani Cilik /cSri Suhartati; editor, Munawar Chalil acet.1 a[s.l] :bDiprotama Selaras,c2001 av, 97 hal. :bilus. ;c21 cm. 4aEKOLOGI MANUSIA0 aMUNAWAR, Chalil aBibliografi : hal.97 a11845 a a11845 b